La fuerza de trabajo en Nicaragua: un estudio básico /
Estudia la relación fundamental que existe entre la educación, la fuerza de trabajo, y el marco político social de la sociedad nicaragüense, señala algunos problemas relativos al empleo, que deberá enfrentar Nicaragua en los próximos años. Analiza factores como educación, utilización de la fuerza de...
Gorde:
| Egile nagusia: | |
|---|---|
| Egile korporatiboa: | , |
| Formatua: | Texto |
| Argitaratua: |
Managua:
Consejo Nacional de Economía. Oficina de Planificación
|
| Gaiak: | |
| Etiketak: |
Etiketa erantsi
Etiketarik gabe, Izan zaitez lehena erregistro honi etiketa jartzen!
|
MARC
| LEADER | 00000 a a2200000 04500 | ||
|---|---|---|---|
| 001 | 19802 | ||
| 003 | |||
| 040 | |a CRAI/IIS |c CRAI/IIS | ||
| 090 | |a 079900 | ||
| 100 | |a Goldstaub, Jesse | ||
| 110 | |a United Research Inc. | ||
| 245 | |a La fuerza de trabajo en Nicaragua: un estudio básico / |c United Research Inc. | ||
| 260 | |a Managua: |b Consejo Nacional de Economía. Oficina de Planificación | ||
| 300 | |a 59 p. | ||
| 520 | |a Estudia la relación fundamental que existe entre la educación, la fuerza de trabajo, y el marco político social de la sociedad nicaragüense, señala algunos problemas relativos al empleo, que deberá enfrentar Nicaragua en los próximos años. Analiza factores como educación, utilización de la fuerza de trabajo, desempleo, subempleo, crecimiento demográfico, y población activa./ACM | ||
| 650 | |a NICARAGUA | ||
| 650 | |a EMPLEO | ||
| 650 | |a EDUCACION | ||
| 650 | |a SUBEMPLEO | ||
| 650 | |a FUERZA DE TRABAJO | ||
| 710 | |a Louis Berger Inc. | ||
| 999 | |c 14461 |d 14461 | ||
